000 00292 a2200157 4500
001 160631
020 _a
040 _cMagnum
100 _a-
240 1 0 _aOs tres musicos
_lpor
245 1 0 _aOs tres musicos
362 0 _a1899
440 1 _aGlobo
697 _aIJ/CONTOS
942 _cBK
999 _c160631
_d160631